| 000 | 00425nam a2200169Ia 4500 | ||
|---|---|---|---|
| 008 | 230524s9999 xx 000 0 und d | ||
| 020 | _a9789381141670 | ||
| 082 | _bGUP | ||
| 100 | _aC.B.Gupta | ||
| 245 | 0 | _aOptimization Techniques in Operations Research | |
| 250 | _a2 | ||
| 260 |
_aNew Delhi _bI.K.International _c2013 |
||
| 300 | _a"XX,367p" | ||
| 500 | _aQuantity Number: 1 | ||
| 650 | _aMathematics | ||
| 942 | _cBK | ||
| 999 |
_c57961 _d57961 |
||